| 000 | 00529cam a2200145 4500500 | ||
|---|---|---|---|
| 005 | 20260405002459.0 | ||
| 041 | _afre | ||
| 042 | _adc | ||
| 100 | 1 | 0 |
_aRibereau-Gayon, Philippe _eauthor |
| 245 | 0 | 0 | _aOliver Sacks, L’œil de l’esprit . Trad. de l’anglais (États-Unis) par C. Cler. Seuil, 2012, 288 pages, 22,50 € |
| 260 | _c2012. | ||
| 500 | _a15 | ||
| 786 | 0 | _nÉtudes | 417 | 7 | 2012-07-01 | p. XV-XV | 0014-1941 | |
| 856 | 4 | 1 | _uhttps://shs.cairn.info/revue-etudes-2012-7-page-XV?lang=fr&redirect-ssocas=7080 |
| 999 |
_c2058064 _d2058064 |
||